Σπάνια και ενδημικά φυτά Εθνικού Δρυμού Πάρνηθας

Αποθηκεύτηκε σε:
Λεπτομέρειες βιβλιογραφικής εγγραφής
Κύριος συγγραφέας: Απλαδά, Ειρήνη
Συγγραφή απο Οργανισμό/Αρχή: Περιφέρεια Αττικής Δασαρχείο Πάρνηθας
Άλλοι συγγραφείς: Αμοργιανιώτης, Γεώργιος
Μορφή: Βιβλίο
Γλώσσα:Greek
Δημοσίευση: Αθήνα : Τράπεζα της Ελλάδος, 2005
Θέματα:
Ετικέτες: Προσθήκη ετικέτας
Δεν υπάρχουν, Καταχωρήστε ετικέτα πρώτοι!

MARC

LEADER 00000cam a2200000 i 4500
001 1/23458
008 060201s2005 gre d
020 |a 960-88921-0-4 
035 |l 10082430 
040 |a GR-MY-UA  |b gre  |e aacr 
041 0 |a gre 
082 0 |a 582.1309495  |2 (22) 
100 1 |a Απλαδά, Ειρήνη. 
245 1 0 |a Σπάνια και ενδημικά φυτά Εθνικού Δρυμού Πάρνηθας /  |c Ειρήνη Απλαδά, Γεώργιος Αμοργιανώτης ; Περιφέρεια Αττικής Δασαρχείο Πάρνηθας 
260 |a Αθήνα :   |b Τράπεζα της Ελλάδος,   |c 2005 
300 |a 121 σ.;  |b έγχρ. εικ.;  |c 24 εκ. 
500 |a Με την ευγενική χορηγία της Τάπεζας της Ελλάδος 
504 |a Περιέχει βιβλιογραφία και ευρετήριο 
650 0 |a Wild flowers  |z Greece  |z Ethnikos Drymos tes Parnehas  |x Identification. 
650 0 |a Wild flowers  |z Greece  |z Ethnikos Drymos tes Parnehas  |x Pictorial works. 
700 1 |a Αμοργιανιώτης, Γεώργιος. 
710 2 |a Περιφέρεια Αττικής  |b Δασαρχείο Πάρνηθας. 
852 |a INST  |b LESVOS  |e 20060201  |h 582.1309495 ΑΠΛ  |p 005100034109  |q 005100034109  |t BK  |y 0 
901 |a BIBL1-2006-1 
909 |a Λ  |b 125701 
920 |a ΔΙΕΥΘΥΝΣΗ ΔΑΣΩΝ ΑΝ.ΑΤΤΙΚΗΣ  |b ΔΑΣΑΡΧΕΙΟ ΠΑΡΝΗΘΑΣ  |y ΛΕΣΒΟΣ  |z 2006-01 
970 |a ΚΑΡΑ  |b ΓΙΑΣΕΜΗ  |z 2006/02/01